Amores en fuga / (Record no. 95300)

MARC details
000 -CABECERA
campo de control de longitud fija 00639nam a2200217 a 4500
005 - FECHA Y HORA DE LA ÚLTIMA TRANSACCIÓN
campo de control 20210223124858.0
008 - ELEMENTOS DE LONGITUD FIJA--INFORMACIÓN GENERAL
campo de control de longitud fija 030320s2002 mx r 000 0 spa d
020 ## - NÚMERO INTERNACIONAL NORMALIZADO PARA LIBROS
Número Internacional Estándar del Libro 8433969625
035 ## - NÚMERO DE CONTROL DEL SISTEMA
Número de control de sistema UPN01000123119
049 ## - COLECCIÓN
Colección CG
050 #4 - SIGNATURA TOPOGRÁFICA DE LA BIBLIOTECA DEL CONGRESO
Número de clasificación PT2680 L5.4
Número de documento/Ítem A4.68
100 1# - ASIENTO PRINCIPAL--NOMBRE PERSONAL
Nombre de persona Schlink, Bernhard,
Fechas asociadas al nombre 1944-
245 10 - MENCIÓN DE TÍTULO
Título Amores en fuga /
Mención de responsabilidad, etc. Bernhard Schlink ; tr. Joan Parra Contreras.
260 ## - PUBLICACIÓN, DISTRIBUCIÓN, ETC.
Lugar de publicación, distribución, etc. Barcelona, Esp. :
Nombre del editor, distribuidor, etc. Anagrama,
Fecha de publicación, distribución, etc. 2002.
300 ## - DESCRIPCIÓN FÍSICA
Extensión 266 p.
440 #0 - MENCIÓN DE SERIE/ASIENTO SECUNDARIO--TÍTULO
Título Panorama de narrativas ;
Designación de volumen o secuencia 502
534 ## - NOTA SOBRE LA VERSIÓN ORIGINAL
Frase introductoria Traducción de:
Mención de título del original Liebesfluchten
650 #4 - ASIENTO SECUNDARIO DE MATERIA - TERMINO TEMATICO
Término de materia o nombre geográfico como elemento de entrada LITERATURA ALEMANA -
Subdivisión cronológica SIGLO XX
9 (RLIN) 8270
902 ## - ELEMENTOS DE DATOS B LOCAL, LDB (RLIN)
Creó cps/MITM
905 ## - TIPO DE MATERIAL
Tipo de material Libro
Holdings
Estado de retiro Estado de pérdida Fuente del sistema de clasificación o colocación Estado dañado No para préstamo Código de colección Localización permanente Ubicación/localización actual Ubicación en estantería Total de préstamos Clasificación Código de barras Fecha visto por última vez Número de copia Tipo de ítem Koha
    Library of Congress Classification     Colección General Bib. Gregorio Torres Quintero Bib. Gregorio Torres Quintero Planta baja 33 PT2680 L5.4 A4.68 205726 31/12/2020 1 Libro